| 000 | 00338nam a22001337a 4500 | ||
|---|---|---|---|
| 082 |
_a515.63 _bRUT _cD |
||
| 100 |
_aRutherford, D. E _939333 |
||
| 245 | _aVector Method | ||
| 260 |
_aNew York _bInterscience Publishers _c1944 |
||
| 300 | _a135 p. : | ||
| 526 |
_a0 _b0 _c0 _d515_630000000000000_RUT |
||
| 650 |
_aMCE _9379 |
||
| 942 |
_2ddc _cBK |
||
| 999 |
_c543835 _d543835 |
||